[Event "GRE-chT2 48th"]
[Site "Thessaloniki"]
[Date "2021.10.08"]
[Round "5.4"]
[White "Skoulakis, Charalambos"]
[Black "Argiroudis, Stamatis"]
[Result "1-0"]
[WhiteElo "2038"]
[BlackElo "2246"]
[PlyCount "121"]
[EventDate "2021.10.05"]
[EventType "team-swiss"]
[EventRounds "7"]
[EventCountry "GRE"]
[SourceTitle "CBM 204 Extra"]
[Source "ChessBase"]
[SourceDate "2021.11.30"]
[SourceVersion "1"]
[SourceVersionDate "2021.11.30"]
[SourceQuality "1"]
[WhiteTeam "Kalamarias ES"]
[BlackTeam "Triandrias OS"]
[WhiteTeamCountry "GRE"]
[BlackTeamCountry "GRE"]

1. d4 Nf6 2. Nf3 g6 3. c4 Bg7 4. Nc3 d6 5. e4 0-0 6. Be2 Nbd7 7. h3 e5 8. Be3 exd4 9. Bxd4 Re8 10. Qc2 b6 11. 0-0 Bb7 12. Bd3 Nc5 13. Rfe1 Ne6 14. Be3 Nd7 15. Rad1 Ne5 16. Be2 Nxf3+ 17. Bxf3 Ng5 18. Bxg5 Qxg5 19. Nd5 Qd8 20. g3 c6 21. Nc3 Qc7 22. Bg2 Rad8 23. Re2 Bc8 24. Rde1 Be6 25. b3 Qc8 26. Kh2 h5 27. Nd1 Qc7 28. Kg1 h4 29. g4 Qe7 30. Qc1 Bd4 31. Kh1 g5 32. Ne3 Be5 33. Nf5 Qf6 34. Qc2 a5 35. Rd1 c5 36. a4 Bf4 37. Kg1 Rd7 38. Rde1 Be5 39. Qd3 Kf8 40. Rd1 Red8 41. Qd2 Re8 42. Qc2 Bxf5 43. exf5 Rde7 44. Rde1 Bf4 45. Bc6 Rxe2 46. Rxe2 Qa1+ 47. Kg2 Re5 48. Rxe5 Bxe5 49. Qd2 f6 50. Qd5 Qb2 51. Qe6 Bg3 52. Qe8+ Kg7 53. Qg6+ Kf8 54. Qh6+ Kf7 55. Qh7+ Kf8 56. Qh8+ Kf7 57. Bd5+ Ke7 58. Qg7+ Kd8 59. Qf8+ Kc7 60. Qe7+ Kc8 61. Be6+ 1-0

[Event "GRE-chT 41st"]
[Site "Achaia"]
[Date "2013.07.02"]
[Round "1.8"]
[White "Karapiperis, Alexandros"]
[Black "Skoulakis, Charalambos"]
[Result "1/2-1/2"]
[WhiteElo "1910"]
[BlackElo "2023"]
[PlyCount "95"]
[EventDate "2013.07.02"]
[EventType "team-swiss"]
[EventRounds "7"]
[EventCountry "GRE"]
[SourceTitle "CBM 155 Extra"]
[Source "ChessBase"]
[SourceDate "2013.08.26"]
[SourceVersion "1"]
[SourceVersionDate "2013.08.26"]
[SourceQuality "1"]
[WhiteTeam "Nautical Association"]
[BlackTeam "Kavalas OFS"]
[WhiteTeamCountry "GRE"]
[BlackTeamCountry "GRE"]

1. e4 c5 2. Nf3 e6 3. d4 cxd4 4. Nxd4 Nc6 5. Nc3 Qc7 6. Be3 a6 7. Be2 Nf6 8. a3 Be7 9. 0-0 b5 10. Nxc6 dxc6 11. f4 Bb7 12. Bf3 0-0 13. Qe1 Rfd8 14. Qf2 c5 15. e5 Nd5 16. Nxd5 Bxd5 17. Bxd5 Rxd5 18. c4 Rd3 19. Rfc1 Rc8 20. Rc2 Qc6 21. Re1 b4 22. Bc1 Rcd8 23. Rce2 bxa3 24. bxa3 Qa4 25. f5 exf5 26. Qxf5 Qxc4 27. Bg5 Rd1 28. Re4 Qc3 29. Kf2 Qc2+ 30. R1e2 Qb1 31. Kg3 R1d3+ 32. Kh4 Bxg5+ 33. Qxg5 h6 34. Qf5 R3d4 35. e6 fxe6 36. Qxe6+ Kh8 37. Qe7 Qg1 38. Kh3 Rd3+ 39. g3 Qf1+ 40. Kh4 R3d4 41. R2e3 Qf5 42. g4 Qf2+ 43. Kh3 Rd2 44. Qe5 Qg2+ 45. Kh4 R8d5 46. Qxg7+ Kxg7 47. Re7+ Kf8 48. Re8+ 1/2-1/2

[Event "GRE-chT 40th"]
[Site "Achaia"]
[Date "2012.07.02"]
[Round "4.3"]
[White "Papadogiannis, Sevastianos"]
[Black "Skoulakis, Charalambos"]
[Result "1/2-1/2"]
[WhiteElo "2031"]
[BlackElo "2079"]
[PlyCount "99"]
[EventDate "2012.06.30"]
[EventType "team-swiss"]
[EventRounds "7"]
[EventCountry "GRE"]
[SourceTitle "CBM 149 Extra"]
[Source "ChessBase"]
[SourceDate "2012.08.24"]
[SourceVersion "1"]
[SourceVersionDate "2012.08.24"]
[SourceQuality "1"]
[WhiteTeam "Chania ADA"]
[BlackTeam "Kavalas"]
[WhiteTeamCountry "GRE"]
[BlackTeamCountry "GRE"]

1. c4 e5 2. g3 Nc6 3. Bg2 f5 4. e3 Nf6 5. Ne2 Be7 6. Nbc3 0-0 7. d3 d6 8. 0-0 Qe8 9. Bd2 Qh5 10. Nd5 Nxd5 11. cxd5 Nd8 12. Rc1 c6 13. d4 e4 14. Nc3 Qf7 15. f3 cxd5 16. fxe4 dxe4 17. Bxe4 Qg6 18. Nd5 Bg5 19. Bg2 Nc6 20. b4 Kh8 21. b5 Ne7 22. Nc7 Rb8 23. Qa4 a6 24. Qa3 axb5 25. Nxb5 Bd7 26. Nc7 Nc6 27. Rf2 Rbc8 28. Nd5 Ra8 29. Qb3 Ra7 30. Rcf1 Be6 31. Qb1 Qf7 32. Nc3 Bxa2 33. Rxf5 Bf6 34. Qd1 Bc4 35. R1f2 Ne7 36. R5f3 d5 37. e4 dxe4 38. Nxe4 Bd5 39. Rf4 Ng6 40. Rf5 Bxe4 41. Bxe4 Qe7 42. Qf3 Bxd4 43. Rxf8+ Qxf8 44. Be3 Qxf3 45. Rxf3 Bxe3+ 46. Rxe3 b6 47. Rb3 Ra6 48. Bd3 Ra1+ 49. Kg2 Ne5 50. Rxb6 1/2-1/2

[Event "Kavala op 20th"]
[Site "Kavala"]
[Date "2011.08.03"]
[Round "6"]
[White "Skoulakis, Charalambos"]
[Black "Kaplan, Sasha"]
[Result "0-1"]
[WhiteElo "2039"]
[BlackElo "2436"]
[PlyCount "120"]
[EventDate "2011.07.30"]
[EventType "swiss"]
[EventRounds "9"]
[EventCountry "GRE"]
[SourceTitle "CBM 143 Extra"]
[Source "ChessBase"]
[SourceDate "2011.08.29"]
[SourceVersion "1"]
[SourceVersionDate "2011.08.29"]
[SourceQuality "1"]

1. e4 c5 2. Nf3 e6 3. c4 b6 4. Nc3 d6 5. Be2 Bb7 6. d4 cxd4 7. Nxd4 Nf6 8. f3 Be7 9. 0-0 0-0 10. Be3 Nbd7 11. Qd2 a6 12. Rac1 Qc7 13. Rfd1 Rac8 14. Bf1 Rfe8 15. Qf2 Qb8 16. b4 Bd8 17. Nb3 Bc7 18. g3 Kh8 19. Na4 Bc6 20. Nc3 Qa8 21. Bf4 Ne5 22. b5 Bb7 23. bxa6 Bxa6 24. Nb5 Bxb5 25. cxb5 Nfd7 26. Nd4 Nc5 27. Bxe5 dxe5 28. Nc6 Qa3 29. Rc4 Ra8 30. Rd2 h6 31. Qe2 Kh7 32. Rdc2 Rad8 33. Nxd8 Rxd8 34. R4c3 Qb4 35. Kg2 Rd7 36. Rc4 Qa5 37. Kh3 Bd8 38. R2c3 Bg5 39. Rc2 Qa8 40. a4 Qa5 41. Qf2 Rd1 42. Be2 Ra1 43. Rxc5 bxc5 44. Qxc5 Qxa4 45. Rc4 Qa2 46. Rc2 Qb1 47. Qc3 Be3 48. Rb2 Qg1 49. b6 Bd4 50. Qb3 Qf2 51. Rb1 Rxb1 52. Qxb1 Qxe2 53. b7 Ba7 54. b8Q Bxb8 55. Qxb8 f6 56. Qe8 Qxf3 57. Qxe6 Qxe4 58. Qf7 Qf3 59. Qd7 e4 60. Qd5 Kg6 0-1

[Event "GRE-ch U18/20"]
[Site "Peristeri"]
[Date "2011.01.06"]
[Round "5"]
[White "Skoulakis, Charalambos"]
[Black "Megalios, Konstantinos"]
[Result "1/2-1/2"]
[WhiteElo "2070"]
[BlackElo "1933"]
[PlyCount "85"]
[EventDate "2011.01.03"]
[EventType "swiss"]
[EventRounds "9"]
[EventCountry "GRE"]
[SourceTitle "CBM 140 Extra"]
[Source "ChessBase"]
[SourceDate "2011.03.01"]
[SourceVersion "1"]
[SourceVersionDate "2011.03.01"]
[SourceQuality "1"]

1. e4 c6 2. d4 d5 3. f3 e6 4. Nc3 Bb4 5. Qd3 Ne7 6. a3 Ba5 7. Be3 Nd7 8. b4 Bb6 9. Qd2 0-0 10. Bd3 e5 11. Nge2 exd4 12. Bxd4 Bxd4 13. Nxd4 Ne5 14. exd5 Nxd5 15. 0-0 Qb6 16. Nce2 c5 17. bxc5 Qxc5 18. Kh1 Rd8 19. c3 b6 20. Rab1 Qxa3 21. Be4 Bb7 22. Qg5 Qd6 23. f4 Nc4 24. Rb5 h6 25. Qf5 g6 26. Qh3 a6 27. Rb3 Kg7 28. Qd3 Rac8 29. f5 Ne5 30. Qg3 Kh7 31. Nf4 Nxf4 32. Bxb7 Rc7 33. Bxa6 Nh5 34. Qh3 Qd5 35. fxg6+ Nxg6 36. Rf5 Rxc3 37. Qxc3 Qxf5 38. Qa1 Qd5 39. Rd3 Nhf4 40. Rd2 Nxg2 41. Ne6 Qxe6 42. Rxd8 N2f4 43. Bf1 1/2-1/2

[Event "GRE-ch U18/20"]
[Site "Peristeri"]
[Date "2011.01.04"]
[Round "2"]
[White "Anagnostopoulos, Konstantinos"]
[Black "Skoulakis, Charalambos"]
[Result "1-0"]
[WhiteElo "1889"]
[BlackElo "2070"]
[PlyCount "151"]
[EventDate "2011.01.03"]
[EventType "swiss"]
[EventRounds "9"]
[EventCountry "GRE"]
[SourceTitle "CBM 140 Extra"]
[Source "ChessBase"]
[SourceDate "2011.03.01"]
[SourceVersion "1"]
[SourceVersionDate "2011.03.01"]
[SourceQuality "1"]

1. d4 d5 2. Nf3 Nf6 3. c4 c6 4. Nc3 dxc4 5. a4 Bf5 6. Nh4 e6 7. Nxf5 exf5 8. e3 Bb4 9. Bxc4 0-0 10. Bd2 Nbd7 11. Qf3 g6 12. h3 c5 13. dxc5 Nxc5 14. Qe2 Qe7 15. g4 Nfe4 16. Nd5 Bxd2+ 17. Qxd2 Qh4 18. Qc2 Rac8 19. Rf1 Nd7 20. b3 Ne5 21. gxf5 Rfd8 22. Qxe4 Qxe4 23. Nf6+ Kf8 24. Nxe4 Nxc4 25. bxc4 Rxc4 26. Nd2 Rc2 27. Nf3 gxf5 28. Nd4 Rc5 29. Rb1 b6 30. Ke2 f4 31. Rfd1 Re8 32. Rb5 fxe3 33. fxe3 Rc4 34. a5 Rc5 35. Rxc5 bxc5 36. Nc6 Re6 37. Nb8 Rh6 38. Nd7+ Ke8 39. Nxc5 Rxh3 40. Rd6 Rh5 41. Nb3 Rb5 42. Rd3 h5 43. Kf3 f6 44. a6 Rb6 45. Nc5 Rb4 46. Rd6 Rc4 47. Rd5 h4 48. Ne4 Ke7 49. Rh5 f5 50. Rxf5 Rc6 51. Ra5 Rg6 52. Nc3 h3 53. Rh5 Rxa6 54. Rh7+ Kd8 55. Rxh3 Ra3 56. Nb5 Ra4 57. Rh8+ Kd7 58. Rh7+ Kc6 59. Nxa7+ Kd6 60. Nb5+ Ke6 61. Nd4+ Ke5 62. Rh6 Ra3 63. Rh5+ Kf6 64. Kf4 Ra4 65. Rh6+ Ke7 66. Rb6 Kd7 67. Ke5 Ra5+ 68. Rb5 Ra3 69. e4 Rh3 70. Rb7+ Ke8 71. Nf5 Rh1 72. Ke6 Kd8 73. e5 Re1 74. Nd4 Rd1 75. Nb5 Re1 76. Rb8# 1-0

[Event "GRE-ch U16"]
[Site "Kallithea"]
[Date "2010.06.26"]
[Round "1"]
[White "Skoulakis, Charalambos"]
[Black "Bellos, Ioannis"]
[Result "0-1"]
[WhiteElo "2111"]
[BlackElo "1818"]
[PlyCount "72"]
[EventDate "2010.06.26"]
[EventType "swiss"]
[EventRounds "9"]
[EventCountry "GRE"]
[SourceTitle "CBM 137 Extra"]
[Source "ChessBase"]
[SourceDate "2010.09.01"]
[SourceVersion "1"]
[SourceVersionDate "2010.09.01"]
[SourceQuality "1"]

1. e4 Nf6 2. e5 Nd5 3. d4 d6 4. c4 Nb6 5. exd6 exd6 6. Nc3 Nc6 7. Be3 Be7 8. Bd3 0-0 9. Nge2 Nb4 10. 0-0 Nxd3 11. Qxd3 d5 12. c5 Nc4 13. Bc1 c6 14. b3 Na5 15. Be3 Bf6 16. Rfe1 b6 17. Na4 Nb7 18. Rac1 b5 19. Nac3 g6 20. Ng3 Bg7 21. b4 a5 22. a3 Qh4 23. Nxd5 cxd5 24. Qxb5 Bxd4 25. c6 Nd8 26. Qxd5 Bxe3 27. Rxe3 axb4 28. c7 Nb7 29. Rc4 Qf6 30. Rxb4 Qa1+ 31. Nf1 Ra5 32. Qc6 Rc5 33. Qb6 Rc1 34. Qb5 Nc5 35. Qe2 Ba6 36. Re8 Rxf1+ 0-1

[Event "Thessaloniki op"]
[Site "Thessaloniki"]
[Date "2010.04.11"]
[Round "9"]
[White "Stella, Andrea"]
[Black "Skoulakis, Charalambos"]
[Result "1-0"]
[WhiteElo "2283"]
[BlackElo "2111"]
[PlyCount "71"]
[EventDate "2010.04.04"]
[EventType "swiss"]
[EventRounds "9"]
[EventCountry "GRE"]
[SourceTitle "CBM 135 Extra"]
[Source "ChessBase"]
[SourceDate "2010.05.04"]
[SourceVersion "1"]
[SourceVersionDate "2010.05.04"]
[SourceQuality "1"]

1. d4 d5 2. c4 c6 3. Nf3 Nf6 4. Nbd2 g6 5. e3 Bg7 6. Be2 0-0 7. 0-0 a5 8. b3 a4 9. b4 Ne4 10. Bd3 Bf5 11. Qc2 Nxd2 12. Bxd2 e6 13. Rab1 Nd7 14. b5 Nb6 15. Bxf5 gxf5 16. cxd5 cxd5 17. Rfc1 Rc8 18. Qd1 Qd7 19. Bb4 Rfe8 20. Bc5 Nc4 21. Qxa4 b6 22. Bb4 Ra8 23. Qc2 Qxb5 24. Nd2 Rec8 25. Bc5 Qxb1 26. Qxb1 Nxd2 27. Qxb6 Rxa2 28. h4 Nc4 29. Qb7 Rca8 30. Rb1 h6 31. Kh2 Ra1 32. Rxa1 Rxa1 33. Qc8+ Kh7 34. Qe8 f4 35. Qxf7 fxe3 36. Bf8 1-0

[Event "GRE-ch U16"]
[Site "Kallithea"]
[Date "2009.07.01"]
[Round "9"]
[White "Skoulakis, Charalambos"]
[Black "Boutsioukis, Nikolaos"]
[Result "1-0"]
[WhiteElo "2091"]
[BlackElo "1918"]
[PlyCount "69"]
[EventDate "2009.06.25"]
[EventType "swiss"]
[EventRounds "9"]
[EventCountry "GRE"]
[SourceTitle "EXT 2011"]
[Source "ChessBase"]
[SourceDate "2010.11.26"]
[SourceVersion "1"]
[SourceVersionDate "2010.11.26"]
[SourceQuality "1"]

1. e4 c5 2. Nf3 Nc6 3. Bb5 g6 4. Bxc6 bxc6 5. 0-0 Bg7 6. c3 Nf6 7. Re1 0-0 8. d4 cxd4 9. cxd4 d5 10. e5 Ne4 11. Nc3 Nxc3 12. bxc3 Rb8 13. Ba3 Re8 14. Qd2 Bf5 15. Nh4 Qd7 16. Qf4 f6 17. Nxf5 Qxf5 18. Qxf5 gxf5 19. e6 Bh6 20. Red1 Bf4 21. Kf1 Rb7 22. g3 Bd6 23. Bxd6 exd6 24. Rab1 Reb8 25. Rxb7 Rxb7 26. Rd2 Kf8 27. Kg2 Ke7 28. Kf3 Rb1 29. Kf4 Rc1 30. Kxf5 Rxc3 31. f4 c5 32. Rb2 cxd4 33. Rb7+ Kd8 34. Kxf6 Kc8 35. Rb3 1-0

[Event "GRE-ch U16"]
[Site "Kallithea"]
[Date "2009.06.29"]
[Round "7"]
[White "Skoulakis, Charalambos"]
[Black "Hrisomalis, Theodoros"]
[Result "1/2-1/2"]
[WhiteElo "2091"]
[BlackElo "1982"]
[PlyCount "101"]
[EventDate "2009.06.25"]
[EventType "swiss"]
[EventRounds "9"]
[EventCountry "GRE"]
[SourceTitle "EXT 2011"]
[Source "ChessBase"]
[SourceDate "2010.11.26"]
[SourceVersion "1"]
[SourceVersionDate "2010.11.26"]
[SourceQuality "1"]

1. e4 e5 2. Nf3 Nf6 3. d4 Nxe4 4. Bd3 d5 5. dxe5 Nc6 6. 0-0 Be7 7. Nc3 Bf5 8. Qe2 Nxc3 9. bxc3 Be6 10. Rb1 Qc8 11. Nd4 Nxd4 12. cxd4 Rb8 13. f4 Bg4 14. Qe3 Bf5 15. Qf3 c6 16. Bxf5 Qxf5 17. g4 Qxc2 18. Ba3 Qe4 19. Qxe4 dxe4 20. Bb2 Bb4 21. Kf2 Bd2 22. Ke2 e3 23. Ba3 b6 24. Bb4 Rd8 25. Bxd2 exd2 26. Ke3 c5 27. dxc5 bxc5 28. Rfd1 Ke7 29. f5 Rb8 30. Kxd2 Rb6 31. Rb3 Rd8+ 32. Kc2 Rc8 33. Rdb1 Rcc6 34. Kc3 Rh6 35. a4 Rxb3+ 36. Rxb3 Ra6 37. Rb7+ Ke8 38. Kb3 Rb6+ 39. Rxb6 axb6 40. Kc4 Kd7 41. Kb5 g6 42. h4 gxf5 43. gxf5 h5 44. a5 bxa5 45. Kxa5 Kc6 46. e6 fxe6 47. fxe6 Kd6 48. Kb5 Kxe6 49. Kxc5 Kf5 50. Kd4 Kg4 51. Ke3 1/2-1/2

[Event "GRE-ch U16"]
[Site "Kallithea"]
[Date "2009.06.26"]
[Round "2"]
[White "Dermentzis, Konstantinos"]
[Black "Skoulakis, Charalambos"]
[Result "0-1"]
[WhiteElo "1834"]
[BlackElo "2091"]
[PlyCount "64"]
[EventDate "2009.06.25"]
[EventType "swiss"]
[EventRounds "9"]
[EventCountry "GRE"]
[SourceTitle "EXT 2011"]
[Source "ChessBase"]
[SourceDate "2010.11.26"]
[SourceVersion "1"]
[SourceVersionDate "2010.11.26"]
[SourceQuality "1"]

1. d4 d5 2. c4 c6 3. Nf3 Nf6 4. e3 Bg4 5. Qb3 Qb6 6. Nc3 e6 7. Bd3 Nbd7 8. 0-0 Be7 9. c5 Qc7 10. e4 dxe4 11. Nxe4 Bxf3 12. gxf3 Nd5 13. a3 0-0 14. Qc2 e5 15. Nc3 N5f6 16. Re1 Rfe8 17. b4 exd4 18. Ne2 Rad8 19. f4 Nf8 20. Bb2 Ne6 21. f5 Ng4 22. Ng3 Ng5 23. Re2 Nh3+ 24. Kh1 Qf4 25. Be4 Bf6 26. Bc1 Nhxf2+ 27. Kg2 Ne3+ 28. Bxe3 dxe3 29. Rae1 Ng4 30. h3 Bh4 31. hxg4 Qxg3+ 32. Kf1 Qf4+ 0-1

[Event "Thessaloniki Triandria op 2nd"]
[Site "Thessaloniki"]
[Date "2009.05.03"]
[Round "9"]
[White "Skoulakis, Charalambos"]
[Black "Makka, Ioulia"]
[Result "1-0"]
[WhiteElo "2091"]
[BlackElo "2229"]
[PlyCount "69"]
[EventDate "2009.04.27"]
[EventType "swiss"]
[EventRounds "9"]
[EventCountry "GRE"]
[SourceTitle "CBM 130 Extra"]
[Source "ChessBase"]
[SourceDate "2009.07.02"]
[SourceVersion "2"]
[SourceVersionDate "2009.07.15"]
[SourceQuality "1"]

1. e4 e6 2. d4 d5 3. Nd2 Nc6 4. c3 e5 5. dxe5 Nxe5 6. Ngf3 Qe7 7. Be2 Nxf3+ 8. Bxf3 f5 9. 0-0 dxe4 10. Re1 Qd6 11. Qe2 Be7 12. Bxe4 fxe4 13. Nxe4 Qg6 14. Bg5 Bd7 15. Bxe7 Nxe7 16. Nc5 Qf6 17. Nxd7 Kxd7 18. Rad1+ Ke8 19. Qb5+ Kf8 20. Qxb7 Qc6 21. Qb4 Re8 22. Rd8 Kf7 23. Qf4+ Qf6 24. Qc4+ Kf8 25. Qxc7 g6 26. Rxe8+ Kxe8 27. Qxa7 Rf8 28. f3 Kf7 29. a4 Rd8 30. Qe3 Rd7 31. b4 Nd5 32. Qe8+ Kg7 33. Qxd7+ Kh6 34. Qxd5 Qxc3 35. Qe4 1-0

[Event "GRE-ch U20"]
[Site "Greece"]
[Date "2009.01.05"]
[Round "5"]
[White "Skoulakis, Charalambos"]
[Black "Aggelis, Nikolaos"]
[Result "1/2-1/2"]
[WhiteElo "2068"]
[BlackElo "2301"]
[PlyCount "118"]
[EventDate "2009.01.02"]
[EventType "swiss"]
[EventRounds "9"]
[EventCountry "GRE"]
[SourceTitle "EXT 2011"]
[Source "ChessBase"]
[SourceDate "2010.11.26"]
[SourceVersion "1"]
[SourceVersionDate "2010.11.26"]
[SourceQuality "1"]

1. e4 e5 2. Nf3 Nc6 3. Bb5 a6 4. Bxc6 dxc6 5. Nc3 Qd6 6. d4 exd4 7. Nxd4 c5 8. Nde2 Qxd1+ 9. Nxd1 Nf6 10. f3 Bd7 11. Bf4 0-0-0 12. Ne3 Be7 13. 0-0-0 Be6 14. Rxd8+ Rxd8 15. g4 b5 16. c4 c6 17. h4 Nd7 18. Ng3 Nb6 19. Ngf5 Bf8 20. Rd1 Nxc4 21. Nxc4 Bxc4 22. Bd6 Be2 23. Rd2 Bxf3 24. Bxf8 Rxf8 25. g5 Kc7 26. Nxg7 Bxe4 27. Rf2 Bd5 28. a3 Rd8 29. Kc2 a5 30. Nh5 a4 31. Nf6 Bb3+ 32. Kc3 Rd4 33. h5 Rh4 34. h6 b4+ 35. Kd2 c4 36. axb4 Rh3 37. Ne4 Kb6 38. Ke2 Bc2 39. Nd6 Kc7 40. Kd2 Kxd6 41. Kxc2 Ke7 42. Rf4 Rg3 43. Rxc4 Rxg5 44. Rxc6 Rg6 45. Rc7+ Ke8 46. Ra7 Rxh6 47. Rxa4 Rh4 48. Ra8+ Kd7 49. b5 h5 50. Ra7+ Ke6 51. b6 Kd6 52. Rxf7 Kc6 53. b7 Rb4 54. Rh7 Rxb7 55. Rxh5 Rb4 56. Kc3 Rg4 57. b4 Kb6 58. Rh6+ Kb5 59. Rh5+ Kb6 1/2-1/2

[Event "GRE-ch U20"]
[Site "Greece"]
[Date "2009.01.03"]
[Round "2"]
[White "Lakafosis, Ioannis"]
[Black "Skoulakis, Charalambos"]
[Result "0-1"]
[WhiteElo "1930"]
[BlackElo "2068"]
[PlyCount "78"]
[EventDate "2009.01.02"]
[EventType "swiss"]
[EventRounds "9"]
[EventCountry "GRE"]
[SourceTitle "EXT 2011"]
[Source "ChessBase"]
[SourceDate "2010.11.26"]
[SourceVersion "1"]
[SourceVersionDate "2010.11.26"]
[SourceQuality "1"]

1. d4 d5 2. c4 c6 3. Nf3 Nf6 4. Nc3 dxc4 5. a4 Bf5 6. e3 e6 7. Bxc4 Bb4 8. 0-0 0-0 9. Qe2 Nbd7 10. e4 Bg6 11. Bd3 Bh5 12. Bf4 Rc8 13. e5 Nd5 14. Nxd5 cxd5 15. Qe3 Bg6 16. Bxg6 hxg6 17. Rfc1 Nb6 18. Ng5 Be7 19. b3 Qd7 20. Qh3 Bxg5 21. Bxg5 Rxc1+ 22. Rxc1 Rc8 23. Qd3 Rxc1+ 24. Bxc1 Qc7 25. Ba3 Nd7 26. g3 Nb8 27. Qb5 Nc6 28. Qc5 Kh7 29. b4 Qb6 30. f4 Nxd4 31. Kf1 Qxc5 32. bxc5 g5 33. Kf2 gxf4 34. gxf4 Kg6 35. Bb2 Nb3 36. Ba3 Kf5 37. Ke3 Na5 38. Kf3 Nc4 39. Bc1 d4 0-1

[Event "EU-ch U14 18th"]
[Site "Herceg Novi"]
[Date "2008.09.19"]
[Round "5"]
[White "Skoulakis, Charalambos"]
[Black "Sanchez Ibern, Marc"]
[Result "0-1"]
[WhiteElo "1979"]
[BlackElo "2161"]
[PlyCount "88"]
[EventDate "2008.09.15"]
[EventType "swiss"]
[EventRounds "9"]
[EventCountry "MNE"]
[SourceTitle "CBM 126 Extra"]
[Source "ChessBase"]
[SourceDate "2008.11.05"]
[SourceVersion "1"]
[SourceVersionDate "2008.11.05"]
[SourceQuality "1"]

1. e4 c5 2. Nf3 d6 3. d4 Nf6 4. Nc3 cxd4 5. Nxd4 Nc6 6. Be3 Ng4 7. Bg5 h6 8. Bh4 g5 9. Bg3 Bg7 10. Nf5 Bxf5 11. exf5 Qa5 12. Qd3 0-0 13. Be2 Nb4 14. Qd1 Nd5 15. 0-0 Nxc3 16. bxc3 Nf6 17. Rb1 b6 18. Qd3 Rac8 19. c4 Nd7 20. f4 Nc5 21. Qd5 Qc3 22. Bg4 Bf6 23. fxg5 hxg5 24. Bf2 Qxc2 25. Bd4 Qe4 26. Bxf6 Qxd5 27. cxd5 exf6 28. Rfe1 Rfe8 29. Rbd1 Rb8 30. Re2 b5 31. Rde1 Rxe2 32. Rxe2 Kf8 33. Re3 a5 34. h4 gxh4 35. Rh3 b4 36. Rxh4 Kg7 37. Bd1 a4 38. Rg4+ Kf8 39. Bc2 b3 40. axb3 axb3 41. Bb1 Ra8 42. Rf4 Ra1 43. Rf1 Na4 44. Bd3 b2 0-1